| 000 | 00854nam a2200217 a 4500 | ||
|---|---|---|---|
| 001 | 000038422 | ||
| 005 | 20240305101124.0 | ||
| 008 | 130411s1996 dr ac 001 0 spa d | ||
| 040 |
_aDO-SdBNP _bspa _cBNPHU |
||
| 082 |
_a621.312 _bE38d |
||
| 245 | 0 | 0 |
_aElectricidad y desarrollo : _bel reto dominicano / _cEdición Milton Morrison, Fabian Tello. |
| 260 |
_aSanto Domingo : _bINDOTEC, _c1996. |
||
| 300 |
_a185 p. : _bil., retrs. ; _c21 cm. |
||
| 500 | _aIncluye las ponencias del I Simposio Nacional de Energía Eléctrica. | ||
| 590 | _aInventariado,2018/DG | ||
| 650 | 4 |
_aEmpresas eléctricas _zRepública Dominicana _xCongresos, conferencias, etc. _964767 |
|
| 650 | 4 |
_aDistribución de energia eléctrica _98332 |
|
| 700 | 1 |
_aMorrison, Milton, _d1975- _eed. _910874 |
|
| 700 | 1 |
_aTello, Fabian, _eed. _964769 |
|
| 910 | _aValidado. Control de calidad EMS | ||
| 999 |
_c37912 _d37912 |
||